[Event "RUS-ch Men Rapid 2019"]
[Site "Sochi"]
[Date "2019.10.15"]
[Round "4.1"]
[White "Timofeev, Artyom"]
[Black "Belyakov, Bogdan"]
[Result "1-0"]
[WhiteElo "2648"]
[BlackElo "2506"]
[Annotator "TA"]
[PlyCount "155"]
[EventDate "2019.10.15"]
[EventType "swiss"]
[EventCountry "RUS"]
[SourceTitle "playchess.com"]
[Source "ChessBase"]
[SourceQuality "1"]

{[%evp 15,155,-33,-28,-35,0,-31,-33,-38,-33,-45,-40,-40,-40,-47,-47,-55,-47,-52,-8,-6,-12,-32,31,33,33,27,23,23,25,21,44,37,45,36,56,52,49,50,52,52,62,64,69,69,69,69,296,281,255,291,277,279,259,182,176,42,42,42,42,42,53,36,41,0,0,0,237,0,0,0,0,0,1854,1731,1074,0,0,0,0,0,0,0,0,0,0,0,0,0,0,0,0,0,0,0,0,0,0,0,0,0,0,0,0,0,0,0,0,0,212,0,711,972,29964,29961,29970,29971,29970,29970,29977,29978,29978,29979,29983,29975,29983,29974,29984,29976,29976,29973,29984,29977,29977,29974,29987,29986,29988,29989,29989,29990,29990,29991]} 1. c4 Nf6 2. e3 g6 3. Nf3 Bg7 4. Be2 O-O 5. O-O c5 6. Nc3 Nc6 7. a3 d5 8. cxd5 Nxd5 9. Qc2 {A34: Symmetrical English: 2 Nc3, lines with ...d5} Nxc3 (9... b6 10. d3 Bb7 11. Bd2 Rc8 12. Qa4 e6 13. Rfd1 Qd7 14. Rac1 Rfd8 15. Qh4 Qe7 16. Qg3 Rd7 {1-0 (63) Mamedyarov,S (2817)-Corrales Jimenez,F (2559) chess.com INT 2019}) 10. bxc3 (10. dxc3 {is more complex.} Qb6 11. e4 Be6 12. Be3 Rac8 13. Qb1) 10... e5 11. d3 {Black is slightly better.} Be6 12. Rb1 Qe7 13. c4 $146 ({Predecessor:} 13. a4 Bd5 14. e4 Be6 15. Ba3 b6 16. Nd2 Qc7 {1-0 (42) Johannessen,S (2390)-Berglund,J Narvik 1979}) 13... Rad8 14. Bb2 Rd7 15. Bc3 Rfd8 16. Nd2 Bf5 {[%cal Rf5d3]} 17. Ne4 b6 18. Rfd1 Bxe4 ({Black should try} 18... Be6 $15) 19. dxe4 $14 Qe6 20. Rd5 Ne7 21. Rxd7 Rxd7 22. h3 Qc6 23. a4 h5 24. a5 bxa5 25. Bxa5 Rb7 26. Rd1 Rd7 27. Ra1 Nc8 28. Bc3 Nb6 29. Ra5 Rc7 30. Qb1 Na4 $2 {[#]} (30... Kh7 $14) 31. Rxa4 $1 $18 {[%mdl 512]} Qxa4 32. Qb8+ {[%mdl 64] Double Attack} Kh7 {White must now prevent ...Re7.} 33. Qxc7 {[%mdl 64] Double Attack} Qc2 34. Bxe5 Bxe5 35. Qxe5 ({Only move:} 35. Qxf7+ $18 Bg7 36. Bf1) 35... Qxe2 $14 36. Qxc5 $18 {[%mdl 4096] Endgame KQ-KQ} Qe1+ 37. Kh2 Qxf2 38. Qxa7 h4 39. Qc7 {Qf4 is the strong threat.} g5 $1 40. c5 {aiming for c6.} Kg7 $2 (40... Kg6 $1 $11 {and Black has nothing to worry.}) 41. c6 $2 (41. Qe5+ $1 $18 f6 42. Qc3) 41... Qxe3 $11 42. Qe5+ f6 43. Qd6 Qxe4 $2 {[%mdl 8192]} (43... Kg6 $11) 44. c7 $1 $18 {[%cal Rc7c8]} Qf5 45. Qe7+ $2 ({White should play} 45. Kg1 $18 {Threatening mate with Qe7+.} Kf7 46. Qc6) 45... Kh6 $1 $11 46. Qf8+ Kh7 47. Qf7+ Kh6 48. Qf8+ Kh7 49. Qe7+ Kh6 $1 50. Qe3 {Threatens to win with Qc3.} ({Less strong is} 50. Qf8+ Kh7 $18) 50... Qc2 51. Qb6 Qc3 $1 52. Qd6 Kg6 53. Qe7 Kh6 $1 54. Kg1 Qc1+ 55. Kf2 Qd2+ 56. Kg1 Qc1+ 57. Kf2 Qd2+ 58. Kf1 Qd1+ 59. Qe1 Qc2 60. Qa5 Kg6 61. Ke1 Kh6 $2 (61... Kg7 $11) 62. Qb6 $1 $18 {[%cal Rb6f6]} Kg6 $2 {[%mdl 8192] [#]} (62... Qc3+ $11 63. Ke2 Qc4+ 64. Kd2 Qf4+ 65. Kd3 Qf1+ {[%mdl 64] Double Attack} 66. Kc3 Qc1+ 67. Kb4 Qb2+ 68. Kc5 Qe5+ 69. Kc6 Qe4+ 70. Kd7 Qh7+ 71. Kc8 Qf5+ 72. Kb8 Qf4) 63. Qd6 $1 {[%cal Rd6d8]} Qc1+ 64. Ke2 {White mates.} Qc2+ 65. Ke3 Qc1+ {[#]} 66. Kd4 $1 {[%cal Rd4d5]} Qc2 67. Qc5 Qd2+ 68. Kc4 Qe2+ 69. Kb4 Qd2+ 70. Kb5 Qb2+ 71. Ka6 Qa2+ 72. Kb6 Qb2+ 73. Qb5 Qd4+ 74. Ka6 Qc3 75. Qe8+ Kh6 76. c8=Q Qa3+ 77. Kb6 Qb2+ 78. Qb5 {Accuracy: White = 60%, Black = 56%.} 1-0

[Event "RUS-ch Men Rapid 2019"]
[Site "Sochi"]
[Date "2019.10.15"]
[Round "4.2"]
[White "Vastrukhin, Oleg"]
[Black "Popov, Valerij"]
[Result "1/2-1/2"]
[WhiteElo "2512"]
[BlackElo "2625"]
[Annotator "TA"]
[PlyCount "22"]
[EventDate "2019.10.15"]
[EventType "swiss"]
[EventCountry "RUS"]
[SourceTitle "playchess.com"]
[Source "ChessBase"]
[SourceQuality "1"]

{[%evp 18,20,8,10,9]} 1. g3 c5 2. Bg2 Nc6 3. c4 g6 4. Nc3 Bg7 5. e3 e6 6. Nge2 Nge7 7. O-O O-O 8. d4 cxd4 9. Nxd4 Nxd4 10. exd4 d5 {A36: Symmetrical English vs ...g6: 4 Bg2 Bg7} {Predecessor:} 11. cxd5 $146 Nxd5 {½-½ (11) Moussard,J (2521)-Shchekachev,A (2544) Orsay 2018} 1/2-1/2

[Event "RUS-ch Men Rapid 2019"]
[Site "Sochi"]
[Date "2019.10.15"]
[Round "4.3"]
[White "Goryachkina, Aleksandra"]
[Black "Lysyj, Igor"]
[Result "1/2-1/2"]
[WhiteElo "2504"]
[BlackElo "2588"]
[Annotator "ChessBase"]
[PlyCount "30"]
[EventDate "2019.10.15"]
[EventType "swiss"]
[EventCountry "RUS"]
[SourceTitle "playchess.com"]
[Source "ChessBase"]
[SourceQuality "1"]
[TimeControl "900+10"]

1. e4 {[%emt 0:00:00]} e5 {[%emt 0:00:00]} 2. Nf3 {[%emt 0:00:00]} Nc6 {[%emt 0:00:00]} 3. d4 {[%emt 0:00:06]} exd4 {[%emt 0:00:00]} 4. Bc4 {[%emt 0:00:04]} Bc5 {[%emt 0:00:00]} 5. Ng5 {[%emt 0:00:10]} Nh6 {[%emt 0:00:01]} 6. Nxf7 {[%emt 0:00:12]} Nxf7 {[%emt 0:00:09]} 7. Bxf7+ {[%emt 0:00:01]} Kxf7 {[%emt 0:00:02]} 8. Qh5+ {[%emt 0:00:03]} g6 {[%emt 0:00:14]} 9. Qxc5 {[%emt 0:00:02]} d5 {[%emt 0:00:06]} 10. O-O {[%emt 0:00:04]} dxe4 {[%emt 0:00:04]} 11. c3 {[%emt 0:00:10]} Qd6 {[%emt 0:00:04]} 12. cxd4 {[%emt 0:02:08]} Nxd4 {[%emt 0:00:06]} 13. Qxd6 {[%emt 0:01:41]} Ne2+ {[%emt 0:00:02]} 14. Kh1 {[%emt 0:00:03]} cxd6 {[%emt 0:00:01]} 15. Be3 {[%emt 0:01:54]} b6 {[%emt 0:00:07]} 1/2-1/2

[Event "RUS-ch Men Rapid 2019"]
[Site "Sochi"]
[Date "2019.10.15"]
[Round "4.4"]
[White "Oganian, Miran"]
[Black "Pridorozhni, Aleksei"]
[Result "1/2-1/2"]
[WhiteElo "2436"]
[BlackElo "2554"]
[Annotator "ChessBase"]
[PlyCount "145"]
[EventDate "2019.10.15"]
[EventType "swiss"]
[EventCountry "RUS"]
[SourceTitle "playchess.com"]
[Source "ChessBase"]
[SourceQuality "1"]
[TimeControl "900+10"]

1. d4 {[%emt 0:00:00]} d5 {[%emt 0:00:00]} 2. c4 {[%emt 0:00:00]} e6 {[%emt 0:00:00]} 3. Nf3 {[%emt 0:00:00]} Nf6 {[%emt 0:00:07]} 4. g3 {[%emt 0:00:00]} Be7 {[%emt 0:00:02]} 5. Bg2 {[%emt 0:00:01]} O-O {[%emt 0:00:03]} 6. O-O {[%emt 0:00:03]} Nbd7 {[%emt 0:00:37]} 7. Qc2 {[%emt 0:00:11]} c6 {[%emt 0:00:43]} 8. Nbd2 {[%emt 0:00:28]} b6 {[%emt 0:00:12]} 9. e4 {[%emt 0:00:02]} dxe4 10. Nxe4 {[%emt 0:00:02]} Bb7 {[%emt 0:00:14]} 11. Rd1 {[%emt 0:00:04]} Qc8 {[%emt 0:00:50]} 12. Nxf6+ {[%emt 0:00:08]} Nxf6 {[%emt 0:00:09]} 13. c5 {[%emt 0:00:09]} Nd5 {[%emt 0:00:08]} 14. Bg5 {[%emt 0:00:18]} Qd8 {[%emt 0:00:05]} 15. Bxe7 {[%emt 0:00:06]} Qxe7 {[%emt 0:00:01]} 16. Rac1 {[%emt 0:00:23]} Rac8 {[%emt 0:00:21]} 17. a3 {[%emt 0:00:12]} Rfd8 {[%emt 0:00:19]} 18. Ne5 {[%emt 0:00:13]} bxc5 {[%emt 0:01:19]} 19. Qxc5 {[%emt 0:00:16]} Qxc5 {[%emt 0:00:03]} 20. Rxc5 {[%emt 0:00:33]} Ne7 {[%emt 0:00:07]} 21. Ra5 {[%emt 0:01:52]} a6 {[%emt 0:00:03]} 22. Rc5 {[%emt 0:01:30]} f6 {[%emt 0:01:03]} 23. Nf3 {[%emt 0:02:06]} Rd6 {[%emt 0:00:25]} 24. Re1 {[%emt 0:00:30]} Kf7 {[%emt 0:00:28]} 25. Bf1 {[%emt 0:00:08]} Rcd8 {[%emt 0:00:41]} 26. Bc4 {[%emt 0:00:05]} Nd5 {[%emt 0:00:16]} 27. b4 {[%emt 0:00:46]} Bc8 {[%emt 0:00:29]} 28. Bb3 {[%emt 0:00:50]} Nc7 {[%emt 0:00:07]} 29. Rec1 {[%emt 0:02:09]} Bd7 {[%emt 0:00:15]} 30. Ra5 {[%emt 0:00:21]} Rb8 {[%emt 0:00:09]} 31. Bc4 {[%emt 0:00:13]} Rb6 {[%emt 0:00:06]} 32. Bf1 {[%emt 0:02:25]} Nb5 {[%emt 0:00:16]} 33. Nd2 {[%emt 0:00:09]} Rxd4 {[%emt 0:00:24]} 34. Nc4 {[%emt 0:00:12]} Rb7 {[%emt 0:01:39]} 35. Rxa6 {[%emt 0:00:02]} Nc7 {[%emt 0:00:02]} 36. Na5 {[%emt 0:00:31]} Nxa6 {[%emt 0:00:07]} 37. Nxb7 {[%emt 0:00:03]} Nb8 {[%emt 0:00:34]} 38. Nc5 {[%emt 0:00:14]} Ke7 {[%emt 0:00:09]} 39. Nb3 {[%emt 0:00:42]} Rd5 {[%emt 0:00:14]} 40. Bc4 {[%emt 0:00:19]} Re5 {[%emt 0:00:06]} 41. Rd1 {[%emt 0:00:20]} Bc8 {[%emt 0:00:23]} 42. Na5 {[%emt 0:00:47]} g5 {[%emt 0:00:05]} 43. Kg2 {[%emt 0:00:53]} h5 {[%emt 0:00:03]} 44. h3 {[%emt 0:00:37]} h4 {[%emt 0:00:18]} 45. gxh4 {[%emt 0:00:09]} gxh4 {[%emt 0:00:02]} 46. Rd4 {[%emt 0:00:05]} Rh5 {[%emt 0:00:04]} 47. Rg4 {[%emt 0:00:16]} e5 {[%emt 0:00:31]} 48. Rg7+ {[%emt 0:00:15]} Kd6 {[%emt 0:00:02]} 49. Nb7+ {[%emt 0:00:36]} Bxb7 {[%emt 0:00:02]} 50. Rxb7 {[%emt 0:00:02]} Nd7 {[%emt 0:00:02]} 51. a4 {[%emt 0:00:06]} e4 {[%emt 0:01:08]} 52. a5 {[%emt 0:00:09]} Ne5 {[%emt 0:00:09]} 53. a6 {[%emt 0:00:52]} Rh8 {[%emt 0:01:19]} 54. a7 {[%emt 0:00:03]} Ra8 {[%emt 0:00:02]} 55. Be2 {[%emt 0:00:16]} f5 {[%emt 0:00:03]} 56. f3 {[%emt 0:00:11]} Ng6 {[%emt 0:00:49]} 57. fxe4 {[%emt 0:00:04]} fxe4 {[%emt 0:00:02]} 58. Kf2 {[%emt 0:00:21]} Nf4 {[%emt 0:00:07]} 59. Bg4 {[%emt 0:00:05]} Ke5 {[%emt 0:00:03]} 60. Re7+ {[%emt 0:00:24]} Kd4 {[%emt 0:00:06]} 61. Bf5 {[%emt 0:00:06]} Nd5 {[%emt 0:00:11]} 62. Rxe4+ {[%emt 0:00:06]} Kc3 {[%emt 0:00:01]} 63. Rxh4 {[%emt 0:00:16]} Rxa7 {[%emt 0:00:02]} 64. Rh7 {[%emt 0:00:10]} Ra8 {[%emt 0:00:17]} 65. Kg3 {[%emt 0:00:12]} Rg8+ {[%emt 0:00:07]} 66. Kh2 {[%emt 0:00:11]} Kxb4 {[%emt 0:00:08]} 67. Be6 {[%emt 0:00:11]} Rd8 {[%emt 0:00:02]} 68. Rd7 {[%emt 0:00:06]} Rxd7 {[%emt 0:00:09]} 69. Bxd7 {[%emt 0:00:01]} c5 {[%emt 0:00:01]} 70. Be6 {[%emt 0:00:04]} Nf4 {[%emt 0:00:02]} 71. Bf7 {[%emt 0:00:03]} Nxh3 {[%emt 0:00:02]} 72. Kxh3 {[%emt 0:00:01]} c4 {[%emt 0:00:01]} 73. Bxc4 {[%emt 0:00:01]} 1/2-1/2

[Event "RUS-ch Men Rapid 2019"]
[Site "Sochi"]
[Date "2019.10.15"]
[Round "4.5"]
[White "Ulybin, Mikhail"]
[Black "Khismatullin, Denis"]
[Result "1/2-1/2"]
[WhiteElo "2455"]
[BlackElo "2550"]
[Annotator "ChessBase"]
[PlyCount "148"]
[EventDate "2019.10.15"]
[EventType "swiss"]
[EventCountry "RUS"]
[SourceTitle "playchess.com"]
[Source "ChessBase"]
[SourceQuality "1"]
[TimeControl "900+10"]

1. d4 {[%emt 0:00:00]} Nf6 {[%emt 0:00:00]} 2. c4 {[%emt 0:00:03]} e6 {[%emt 0:00:02]} 3. g3 {[%emt 0:00:10]} Bb4+ {[%emt 0:01:06]} 4. Bd2 {[%emt 0:00:14]} Be7 {[%emt 0:00:03]} 5. Bg2 {[%emt 0:00:10]} d5 {[%emt 0:00:08]} 6. Nf3 {[%emt 0:00:08]} O-O {[%emt 0:00:04]} 7. O-O {[%emt 0:00:09]} c6 {[%emt 0:00:02]} 8. Qb3 {[%emt 0:00:13]} Nbd7 {[%emt 0:00:25]} 9. Bf4 {[%emt 0:00:26]} Nh5 {[%emt 0:00:38]} 10. Bc1 {[%emt 0:00:10]} Nhf6 {[%emt 0:00:47]} 11. Bf4 {[%emt 0:00:22]} Nh5 {[%emt 0:01:42]} 12. Bc1 {[%emt 0:00:08]} b6 {[%emt 0:01:37]} 13. Nc3 {[%emt 0:02:23]} Bb7 {[%emt 0:00:29]} 14. e4 {[%emt 0:03:00]} dxc4 {[%emt 0:00:57]} 15. Qxc4 {[%emt 0:00:07]} b5 {[%emt 0:00:09]} 16. Qb3 {[%emt 0:02:15]} b4 {[%emt 0:00:24]} 17. Na4 {[%emt 0:00:36]} Nhf6 {[%emt 0:04:04]} 18. Be3 {[%emt 0:01:42]} Nxe4 {[%emt 0:01:51]} 19. Ne5 {[%emt 0:00:14]} Ndf6 {[%emt 0:00:47]} 20. Qc2 {[%emt 0:02:49]} Qd5 {[%emt 0:01:10]} 21. f3 {[%emt 0:00:35]} Nd6 {[%emt 0:00:10]} 22. f4 {[%emt 0:01:41]} Qb5 {[%emt 0:00:13]} 23. Nxc6 {[%emt 0:00:42]} Nf5 {[%emt 0:00:33]} 24. Bf2 {[%emt 0:00:23]} Rac8 {[%emt 0:00:30]} 25. Rfc1 {[%emt 0:00:12]} Bxc6 {[%emt 0:00:55]} 26. Bxc6 {[%emt 0:00:03]} Qa6 {[%emt 0:00:04]} 27. Qc4 {[%emt 0:00:18]} Qxc4 {[%emt 0:00:14]} 28. Rxc4 {[%emt 0:00:03]} Ng4 {[%emt 0:00:01]} 29. d5 {[%emt 0:00:14]} Nxf2 {[%emt 0:00:29]} 30. Kxf2 {[%emt 0:00:03]} exd5 {[%emt 0:00:09]} 31. Bxd5 {[%emt 0:00:03]} Rcd8 {[%emt 0:00:03]} 32. Rd1 {[%emt 0:00:10]} Bf6 {[%emt 0:00:04]} 33. Rxb4 {[%emt 0:00:09]} Rfe8 {[%emt 0:00:20]} 34. Rd3 {[%emt 0:00:18]} a6 {[%emt 0:00:14]} 35. Re4 {[%emt 0:00:20]} Rxe4 {[%emt 0:00:12]} 36. Bxe4 {[%emt 0:00:02]} Nd4 {[%emt 0:00:01]} 37. b3 {[%emt 0:00:17]} g6 {[%emt 0:00:06]} 38. Nc3 {[%emt 0:00:11]} Bg7 {[%emt 0:00:20]} 39. Nd5 {[%emt 0:00:08]} Kf8 {[%emt 0:00:04]} 40. Rd2 {[%emt 0:00:11]} Rc8 {[%emt 0:00:14]} 41. Bd3 {[%emt 0:00:07]} a5 {[%emt 0:00:10]} 42. Nb6 {[%emt 0:00:15]} Rc7 {[%emt 0:00:15]} 43. Nc4 {[%emt 0:00:05]} Rc5 {[%emt 0:00:04]} 44. Bf1 {[%emt 0:00:09]} Bf6 {[%emt 0:00:07]} 45. Ke3 {[%emt 0:00:10]} Nf5+ {[%emt 0:00:08]} 46. Ke4 {[%emt 0:00:05]} Ne7 {[%emt 0:00:12]} 47. Rd8+ {[%emt 0:00:10]} Kg7 {[%emt 0:00:02]} 48. Ra8 {[%emt 0:00:10]} Bc3 {[%emt 0:00:03]} 49. Ra7 {[%emt 0:00:16]} Kf8 {[%emt 0:00:27]} 50. Nb6 {[%emt 0:00:15]} Rc6 {[%emt 0:00:10]} 51. Nd7+ {[%emt 0:00:10]} Kg7 {[%emt 0:00:03]} 52. Bc4 {[%emt 0:00:09]} Bb4 {[%emt 0:00:27]} 53. Ne5 {[%emt 0:00:13]} Rc8 {[%emt 0:00:09]} 54. Bxf7 {[%emt 0:00:09]} Rc2 {[%emt 0:00:03]} 55. Bc4 {[%emt 0:00:05]} Rxh2 {[%emt 0:00:12]} 56. Nc6 {[%emt 0:00:13]} Kf6 {[%emt 0:00:04]} 57. Nxb4 {[%emt 0:00:06]} axb4 {[%emt 0:00:02]} 58. Ra6+ {[%emt 0:00:06]} Kg7 {[%emt 0:00:03]} 59. Ra7 {[%emt 0:00:03]} Kf8 {[%emt 0:00:25]} 60. g4 {[%emt 0:00:03]} h5 {[%emt 0:00:08]} 61. Ra8+ {[%emt 0:00:10]} Kg7 {[%emt 0:00:01]} 62. Ra7 {[%emt 0:00:13]} Kf8 {[%emt 0:00:02]} 63. Ra8+ {[%emt 0:00:11]} Kg7 {[%emt 0:00:02]} 64. Re8 {[%emt 0:00:06]} Nc6 {[%emt 0:00:17]} 65. g5 {[%emt 0:00:30]} Rxa2 {[%emt 0:00:13]} 66. Re6 {[%emt 0:00:15]} Na5 {[%emt 0:00:04]} 67. Ra6 {[%emt 0:00:09]} h4 {[%emt 0:00:23]} 68. Ra7+ {[%emt 0:00:08]} Kf8 {[%emt 0:00:02]} 69. Kf3 {[%emt 0:00:15]} h3 {[%emt 0:00:34]} 70. Bd5 {[%emt 0:00:09]} h2 {[%emt 0:00:07]} 71. Rh7 {[%emt 0:00:09]} Nxb3 {[%emt 0:00:14]} 72. Bxb3 {[%emt 0:00:13]} Ra3 {[%emt 0:00:05]} 73. Ke4 {[%emt 0:00:07]} Rxb3 {[%emt 0:00:03]} 74. Rxh2 {[%emt 0:00:08]} Rc3 {[%emt 0:00:21]} 1/2-1/2

[Event "RUS-ch Men Rapid 2019"]
[Site "Sochi"]
[Date "2019.10.15"]
[Round "4.6"]
[White "Nuristani, Iman"]
[Black "Golubov, Saveliy"]
[Result "0-1"]
[WhiteElo "2171"]
[BlackElo "2518"]
[Annotator "TA"]
[PlyCount "54"]
[EventDate "2019.10.15"]
[EventType "swiss"]
[EventCountry "RUS"]
[SourceTitle "playchess.com"]
[Source "ChessBase"]
[SourceQuality "1"]

{[%evp 15,54,34,32,0,0,-4,0,-33,-33,-102,-66,-87,-80,-134,-113,-105,-49,-54,-63,-64,-60,-51,-58,-64,-18,-239,-243,-230,-230,-243,-245,-233,-243,-242,-238,-232,-227,-216,-219,-329,-333]} 1. d4 Nf6 2. c4 g6 3. Nc3 Bg7 4. e4 O-O 5. Be2 d6 6. Bg5 c5 7. dxc5 Qa5 8. Bd2 dxc5 9. Nf3 {E74: King's Indian: Averbakh Variation: 6...c5} (9. e5 Ne8 10. f4 f6 11. Nd5 Qd8 12. Be3 Na6 13. Nf3 Bg4 14. Qb3 e6 15. Nc3 fxe5 16. fxe5 Bxf3 17. Bxf3 Bxe5 18. Qxb7 {½-½ (33) Iturrizaga Bonelli,E (2671)-Jones,G (2671) Dubai 2017}) 9... Nc6 10. O-O Bg4 11. Ne1 $146 {The position is equal.} (11. e5 {is interesting.} Ne8 12. Re1 Qa6 13. Qb3 Rb8 14. Bg5) ({Predecessor:} 11. Re1 Nd7 12. h3 Bxf3 13. Bxf3 Nde5 14. Be2 Qd8 15. Be3 Nd4 16. f4 Nec6 17. Bf3 Nb4 18. Bxd4 Qxd4+ 19. Kh2 Nd3 20. Qb3 Nxe1 21. Rxe1 Qd2 {0-1 (21) Uhlmann,W (2461)-Glek,I (2536) Bad Zwesten 2000}) 11... Bxe2 12. Nxe2 (12. Qxe2 $15 Nd4 13. Qd1) 12... Qa6 $17 13. Qc2 Rfd8 14. f3 (14. Nf3 $142) 14... Nd7 $36 {[%mdl 2048] Black is on the roll.} 15. Nd3 Nce5 (15... Nb6 $17 16. b3 Bxa1 17. Rxa1 Nd7) 16. Nxe5 $15 Nxe5 17. b3 b5 18. cxb5 Qxb5 19. Be3 c4 {[#] Hoping for ...cxb3.} 20. Nc3 $2 (20. Rfd1 $11) 20... cxb3 $19 21. axb3 Qd3 22. Qxd3 Rxd3 23. Nd5 e6 24. Ne7+ {[#]} Kf8 $1 25. Bc5 Nd7 {[%mdl 64] Discovered Attack} 26. Nxg6+ Ke8 27. Nf4 (27. Rxa7 {only move.} Rxa7 28. Bxa7 hxg6 29. Rb1) 27... Bxa1 {Accuracy: White = 46%, Black = 77%.} 0-1

[Event "RUS-ch Men Rapid 2019"]
[Site "Sochi"]
[Date "2019.10.15"]
[Round "4.7"]
[White "Ponkratov, Pavel"]
[Black "Samusenko, Maksim"]
[Result "0-1"]
[WhiteElo "2674"]
[BlackElo "2445"]
[Annotator "RC"]
[PlyCount "146"]
[EventDate "2019.10.15"]
[EventType "swiss"]
[EventCountry "RUS"]
[SourceTitle "playchess.com"]
[Source "ChessBase"]
[SourceQuality "1"]
[TimeControl "900+10"]

1. e4 {[%emt 0:00:00]} d5 {[%emt 0:00:00]} 2. exd5 {[%emt 0:00:00]} Nf6 {[%emt 0:00:00]} 3. Bb5+ {[%emt 0:00:00]} Bd7 {[%emt 0:00:00]} 4. Be2 {[%emt 0:00:00]} Nxd5 {[%emt 0:00:01]} 5. d4 {[%emt 0:00:00]} Bf5 {[%emt 0:00:02]} 6. Nf3 {[%emt 0:00:01]} e6 {[%emt 0:00:01]} 7. O-O {[%emt 0:00:02]} Be7 {[%emt 0:00:02]} 8. c4 {[%emt 0:00:12]} Nb4 {[%emt 0:00:06]} 9. Na3 {[%emt 0:00:21]} O-O {[%emt 0:00:02]} 10. Be3 {[%emt 0:00:01]} c6 {[%emt 0:00:57]} 11. Qb3 {[%emt 0:00:07]} a5 {[%emt 0:00:05]} 12. Rfd1 {[%emt 0:00:03]} Nd7 {[%emt 0:00:18]} 13. h3 {[%emt 0:00:22]} Qc7 {[%emt 0:01:24]} 14. Rdc1 {[%emt 0:00:52]} Bg6 {[%emt 0:03:27]} 15. Nb1 {[%emt 0:00:13]} e5 {[%emt 0:01:21]} 16. a3 {[%emt 0:01:07]} exd4 {[%emt 0:00:43]} 17. Bxd4 {[%emt 0:00:02]} Na6 {[%emt 0:00:14]} 18. Qc3 {[%emt 0:00:01]} Nac5 {[%emt 0:01:18]} 19. Nbd2 {[%emt 0:00:01]} Ne6 {[%emt 0:00:14]} 20. b4 {[%emt 0:02:34]} axb4 {[%emt 0:00:24]} 21. axb4 {[%emt 0:00:01]} Nxd4 {[%emt 0:01:35]} 22. Nxd4 {[%emt 0:00:03]} Bf6 {[%emt 0:00:16]} 23. Rxa8 {[%emt 0:00:04]} Rxa8 {[%emt 0:00:03]} 24. N2f3 {[%emt 0:00:09]} c5 {[%emt 0:00:37]} 25. bxc5 {[%emt 0:00:04]} Nxc5 {[%emt 0:00:04]} 26. Qb4 {[%emt 0:00:36]} Rd8 {[%emt 0:01:05]} 27. Nb5 {[%emt 0:00:10]} Qb6 {[%emt 0:00:24]} 28. Qa3 {[%emt 0:00:40]} h6 {[%emt 0:00:37]} 29. Qe3 {[%emt 0:00:16]} Qc6 {[%emt 0:00:39]} 30. Nfd4 {[%emt 0:01:53]} Qe4 {[%emt 0:01:04]} 31. Qxe4 {[%emt 0:00:26]} Bxe4 {[%emt 0:00:04]} 32. Nf3 {[%emt 0:00:03]} Bc6 {[%emt 0:00:14]} 33. Kf1 {[%emt 0:01:29]} Ne4 {[%emt 0:00:15]} 34. Rd1 {[%emt 0:00:48]} Ra8 {[%emt 0:00:41]} 35. Bd3 {[%emt 0:00:44]} Nc5 {[%emt 0:00:30]} 36. Bc2 {[%emt 0:01:06]} Bxf3 {[%emt 0:00:20]} 37. gxf3 {[%emt 0:00:02]} Ra2 {[%emt 0:00:04]} 38. Rd2 {[%emt 0:00:06]} g6 {[%emt 0:00:10]} 39. Nd6 {[%emt 0:00:44]} Ne6 {[%emt 0:00:40]} 40. Ne4 {[%emt 0:00:28]} Bd4 {[%emt 0:00:12]} 41. Bb3 {[%emt 0:01:35]} Ra3 {[%emt 0:00:01]} 42. Bd1 {[%emt 0:00:05]} Ra1 {[%emt 0:00:26]} 43. f4 {[%emt 0:00:13]} b6 {[%emt 0:00:14]} 44. Kg1 {[%emt 0:00:40]} Nxf4 {[%emt 0:00:07]} 45. h4 {[%emt 0:00:14]} h5 {[%emt 0:00:27]} 46. Ng5 {[%emt 0:00:09]} Bf6 {[%emt 0:00:13]} 47. Nf3 {[%emt 0:00:07]} Ne6 {[%emt 0:00:09]} 48. Kg2 {[%emt 0:00:04]} Rc1 {[%emt 0:00:12]} 49. Rd6 {[%emt 0:00:04]} Be7 {[%emt 0:00:12]} 50. Rd7 {[%emt 0:00:13]} Bf6 {[%emt 0:00:10]} 51. Ba4 {[%emt 0:00:24]} Rxc4 {[%emt 0:00:09]} 52. Ra7 {[%emt 0:00:29]} Rc7 {[%emt 0:00:10]} 53. Ra8+ {[%emt 0:00:04]} Kg7 {[%emt 0:00:01]} 54. Rb8 {[%emt 0:00:04]} Nf4+ {[%emt 0:00:44]} 55. Kh2 {[%emt 0:00:32]} Rc4 {[%emt 0:00:04]} 56. Bb5 {[%emt 0:00:17]} Rb4 {[%emt 0:00:09]} 57. Be8 {[%emt 0:00:01]} Nd5 {[%emt 0:00:23]} 58. Rb7 {[%emt 0:00:04]} Ne7 {[%emt 0:00:04]} 59. Kg2 {[%emt 0:00:22]} Rg4+ {[%emt 0:00:12]} 60. Kf1 {[%emt 0:00:01]} Rf4 {[%emt 0:00:04]} 61. Kg2 {[%emt 0:00:07]} Kf8 {[%emt 0:00:14]} 62. Rb8 {[%emt 0:00:02]} Bxh4 {[%emt 0:00:11]} 63. Bd7+ {[%emt 0:00:25]} Kg7 {[%emt 0:00:01]} 64. Rxb6 {[%emt 0:00:01]} Bf6 {[%emt 0:00:09]} 65. Rb7 {[%emt 0:00:03]} g5 {[%emt 0:00:18]} 66. Nd2 {[%emt 0:00:08]} Bc3 {[%emt 0:00:19]} 67. Nf1 {[%emt 0:00:07]} Bd4 {[%emt 0:00:10]} 68. f3 {[%emt 0:00:05]} Ng6 {[%emt 0:00:04]} 69. Ng3 {[%emt 0:00:36]} Nh4+ {[%emt 0:00:02]} 70. Kh1 {[%emt 0:00:06]} Rxf3 {[%emt 0:00:06]} 71. Nxh5+ {[%emt 0:00:08]} Kg6 {[%emt 0:00:06]} 72. Bg4 {[%emt 0:00:02]} Rf1+ {[%emt 0:00:04]} 73. Kh2 {[%emt 0:00:01]} Be5+ {[%emt 0:00:01]} 0-1

[Event "RUS-ch Men Rapid 2019"]
[Site "Sochi"]
[Date "2019.10.15"]
[Round "4.8"]
[White "Smagin, Sergey"]
[Black "Tsydypov, Zhamsaran"]
[Result "1/2-1/2"]
[WhiteElo "2551"]
[BlackElo "2671"]
[Annotator "RC"]
[PlyCount "83"]
[EventDate "2019.10.15"]
[EventType "swiss"]
[EventCountry "RUS"]
[SourceTitle "playchess.com"]
[Source "ChessBase"]
[SourceQuality "1"]
[TimeControl "900+10"]

1. e4 c5 2. c3 g6 3. d4 Bg7 4. dxc5 Nf6 5. e5 Ng8 6. Nf3 Qc7 7. Qd5 Nc6 8. Bf4 b6 9. Na3 Bb7 10. cxb6 axb6 11. Nb5 Qc8 12. Qd2 Nd8 13. Nfd4 Kf8 14. h4 f6 15. exf6 Nxf6 16. Bh6 Nf7 17. Bxg7+ Kxg7 18. h5 e5 19. h6+ Kf8 20. Nb3 d5 21. c4 d4 22. Qb4+ Kg8 23. Qe7 Qc6 24. O-O-O Re8 25. Qc7 Ne4 26. Bd3 Qxc7 27. Nxc7 Rc8 28. Bxe4 Bxe4 29. Nd2 Bxg2 30. Rh2 Rxc7 31. Rxg2 Nxh6 32. Re1 Nf7 33. b3 Kg7 34. f4 exf4 35. Rf1 Ne5 36. Kc2 Rf8 37. Nf3 Nxf3 38. Rxf3 Re7 39. a4 Re3 40. Rff2 f3 41. Rg4 Rd8 42. Rf4 1/2-1/2